000 00664nam a22002177a 4500
999 _c10590
_d10590
003 AR-CdUCM
008 190401b ||||| |||| 00| 0 spa d
040 _aMUNICIPALIDAD PROVINCIAL DEL CUSCO
_cBIBLIOTECA MUNICIPAL DEL CUSCO
082 _aEP / 372.510 /
_bM19
100 _aMalpartida Bonifacio, Cipriano
_927544
245 _aMatemática moderna :
_bsegundo grado de primaria /
260 _aLima :
_bEscuela Nueva,
300 _a124 páginas ;
_bimágenes.
_c28 cm.
505 _aMatemáticas.
650 _aMatemáticas.
_99398
650 _aPrimaria.
_99686
650 _aSuma.
_927204
650 _aResta.
_927545
942 _2ddc
_cLIBROS
945 _awfj